| 000 | 01505cam a22003617a 4500 | ||
|---|---|---|---|
| 999 |
_c328892 _d328892 |
||
| 001 | 705757 | ||
| 003 | Nust | ||
| 005 | 20170418165526.0 | ||
| 007 | hduafb---bacp | ||
| 007 | hdubfb---baap | ||
| 008 | 970626s1930 enk a 001 0 eng | ||
| 010 | _a 96909078 | ||
| 025 | _aNBIL-08832 | ||
| 040 |
_aDLC _cDLC _dDLC |
||
| 042 | _alcode | ||
| 043 | _aa-ii--- | ||
| 050 | 0 | 0 | _aMicrofilm BUL-ENG-157 (D) |
| 082 |
_a954 _bYOU |
||
| 100 | 1 |
_aYounghusband, Francis Edward, _cSir, _d1863-1942. |
|
| 245 | 1 | 0 |
_aDawn in India _bBritish purpose and Indian aspiration / _cby Sir Francis Younghusband. |
| 250 | _a1st ed. | ||
| 260 |
_aLondon : _bJohn Murray, _c1930. |
||
| 300 |
_axvi, 331 p. ; _c21 cm. |
||
| 500 | _aIncludes index. | ||
| 520 | _aTraces the historical and spiritual background of India's struggle for freedom and shows the enduring foundation upon which it rested. | ||
| 533 |
_aMicrofilm. _bNew Delhi : _cLibrary of Congress Office ; _bChicago : _cAvailable from Center for Research Libraries, _d1996. _eOn 1 microfilm reel with other items ; 35 mm. _f(SAMP early 20th-century Indian books project ; item 08832) _nMaster microform held by: ICRL. |
||
| 651 | 0 |
_aIndia _xPolitics and government _y1919-1947. |
|
| 651 | 0 |
_aIndia _xReligion. |
|
| 830 | 0 |
_aSAMP early 20th-century Indian books project ; _vitem 08832. |
|
| 906 |
_a7 _bcbc _corigode _d5 _encip _f19 _gy-genmicro |
||
| 942 |
_2ddc _cBK |
||